00684nam a22002057a 450000500170000001000120001702000260002903500120005503700160006704000120008308200210009510000230011624501120013926000390025127000470029030000200033750000500035765000370040765000340044420170124105926.0 aB-42148 c525.00a9780761995029 aB-42148 bCen Lib/Ret aDPLbEN a305.5095411bCHA aChakravarti, Anand aSocial power and everyday class relations :cby Anand Chakravartibagrarian transformation in North Bihar / aNew DelhibSage Publicationsc2001 aM-32 Greater Kailash-IbNew Delhie110048 a311p.c22cm(Hb) aIncludes bibliographical references and index aSocial classes -- India -- Bihar aLand tenure -- India -- Bihar